LEADER 01978nam0 22003733i 450 001 CAG0020323 005 20170908093237.0 010 $a8806391569 100 $a20040415d1972 ||||0itac50 ba 101 | $aita 102 $ait 181 1$6z01$ai $bxxxe 182 1$6z01$an 200 1 $aLisistrata$fAristofane$ga cura di Raffaele Cantarella 210 $aTorino$cEinaudi$dc1972 215 $aIX, 52 p.$d18 cm. 225 | $aCollezione di teatro$v174 410 0$1001CFI0001375$12001 $aCollezione di teatro$v174 676 $a882$9POESIA DRAMMATICA E LETTERATURA DRAMMATICA GRECA CLASSICA$v14 700 0$aAristophanes$3CFIV018870$4070$0160835 702 1$aCantarella$b, Raffaele$3CFIV017186 790 0$aAristofane$3CFIV018871$zAristophanes 790 0$aAristofanÄ«s$3CFIV316949$zAristophanes 801 3$aIT$bIT-NA0079$c20040415 850 $aIT-NA0603$aIT-SA0238$aIT-AV0007$aIT-NA0593$aIT-AV0045 912 $aCAG0020323 950 0$aIstituto Statale Don Lorenzo Milani$c1 v.$d 09S. LETTURA882 ARI li$e 09 0000022785 B 1 v. (7. ristampa 1991)$fC $h20101010$i20101010 950 0$aBiblioteca della Fondazione Alario per Elea-Velia$d 55AUT. GRE. L-FIL-LET/02 0006$e 55 0000003255 N 1 v.$fZ $h20091020$i20091020 950 0$aBiblioteca provinciale Scipione e Giulio Capone$d AVSEZ. M A 377$e AVDAA0000201405 B (174 1 op.$fD $h20160321$i20160321 950 0$aLiceo scientifico statale Francesco Sbordone$d LSLS 882.01 ARI$e LSREC0000009025 $f $h20080117$i20080117 950 0$aBiblioteca Statale di Montevergine$bv. 1-390; lac.$cv. 1-415; lac.$d MVC 007. 161$e MV 0001400855 N (174 v. 174.$fT $h20031204$i20031204 977 $a 09$a 55$a AV$a LS$a MV 996 $aLysistrate$9255754 997 $aUNISANNIO LEADER 01432nam2-2200433li-450 001 990000121640203316 005 20180312154900.0 010 $a0-89573-149-5 035 $a0012164 035 $aUSA010012164 035 $a(ALEPH)000012164USA01 035 $a0012164 100 $a2001991051987-------y0itay0103----ba 101 0 $aeng 102 $aUS 200 1 $aPhosphorus-31 NMR spectroscopy in stereochemical analysis$fedited by John G. Verkade, Louis D. Quin 210 $aDeerfield Beach$cVCH$dcopyr. 1987 215 $aXVI, 717 p.$cill.$d24 cm 225 2 $aMethods in stereochemical analysis$v8 410 0$10010012165$12001$aMethods in stereochemical analysis 610 1 $afosforo 610 1 $aSpettroscopia a risonanza magnetica nucleare 610 1 $aStereochimica 676 $a546712 702 1$aQuin,$bLouis D. 702 1$aVerkade,$bJohn G. 801 $aSistema bibliotecario di Ateneo dell' Universitą di Salerno$gRICA 912 $a990000121640203316 951 $a546. 712 6 PHO$b12787/CBS$c546.712 6$d00219049 959 $aBK 969 $aSCI 979 $c19910503 979 $c20001110$lUSA01$h1711 979 $aALANDI$b90$c20010418$lUSA01$h1048 979 $c20020403$lUSA01$h1619 979 $aPATRY$b90$c20040406$lUSA01$h1609 979 $aRSIAV6$b90$c20090710$lUSA01$h1220 996 $aPhosphorus-31 NMR spectroscopy in stereochemical analysis$91489085 997 $aUNISA LEADER 02595nam 2200649 450 001 9910827282903321 005 20230123145423.0 010 $a1-283-11013-X 010 $a9786613110138 010 $a0-8195-7208-X 010 $a0-585-37885-1 035 $a(CKB)111004368627492 035 $a(EBL)776848 035 $a(OCoLC)767498673 035 $a(SSID)ssj0000271946 035 $a(PQKBManifestationID)11222717 035 $a(PQKBTitleCode)TC0000271946 035 $a(PQKBWorkID)10295843 035 $a(PQKB)11707425 035 $a(OCoLC)48138551 035 $a(MdBmJHUP)muse1361 035 $a(Au-PeEL)EBL776848 035 $a(CaPaEBR)ebr10468484 035 $a(CaONFJC)MIL311013 035 $a(UtSlPG)43284 035 $a(MiAaPQ)EBC776848 035 $a(MiAaPQ)EBC29040013 035 $a(Au-PeEL)EBL29040013 035 $a(OCoLC)1295272507 035 $a(EXLCZ)99111004368627492 100 $a20230123d1996 uy 0 101 0 $aeng 135 $aur|n|---||||| 181 $ctxt 182 $cc 183 $acr 200 10$aWilderness $ea journal of quiet adventure in Alaska : including extensive hitherto unpublished passages from the original journal /$fRockwell Kent 205 $a1st ed. 210 1$aMiddletown, Connecticut :$cWesleyan University Press,$d[1996] 210 4$d©1996 215 $a1 online resource (248 p.) 300 $aOriginally published: Rev. ed. Los Angeles : Wilderness Press, 1970. With new foreword. 311 $a0-8195-5293-3 327 $aCover; Cover; Half title; Half title; Title; Title; Copyright; Copyright; Dedication; Dedication; Contents; Contents; Illustrations; Illustrations; Foreword; Foreword; Preface; Preface; A Second Preface; A Second Preface; Third Preface; Third Preface; Introduction to Alaska Drawings; Introduction to Alaska Drawings; I. Discovery; I. Discovery; II. Arrival; II. Arrival; III. Chores; III. Chores; IV. Winter; IV. Winter; V. Waiting; V. Waiting; VI. Excursion; VI. Excursion; VII. Home; VII. Home; VIII. Christmas; VIII. Christmas; IX. New Year; IX. New Year; X. Olson!; X. Olson!; XI. Twilight 327 $aXI. TwilightThe Mad Hermit; The Mad Hermit 330 $aA new paperback edition of Kent's first book, often referred to as ""Alaska's Walden."" 606 $aArtists$zAlaska 615 0$aArtists 676 $a741.973 700 $aKent$b Rockwell$f1882-1971,$01163375 801 0$bMiAaPQ 801 1$bMiAaPQ 801 2$bMiAaPQ 906 $aBOOK 912 $a9910827282903321 996 $aWilderness$94064805 997 $aUNINA